Plus populaires que Jésus - Mort subite - Statistiques

Statistiques générales
  • Ce quiz a été pris 6 230 fois
  • Le résultat moyen est 4 sur 20
Answers on the Grid
Answers color-coded by a green-red scale on the quiz's grid according to % correct below.
ChatGPT
Donald Trump
Napoléon Ier
Lionel Messi
Taylor Swift
Jean-Luc Mélenchon
Victor Hugo
Paris Saint-Germain
Signe du Zodiaque
N'oubliez pas les paroles !
Mia Khalifa
Italie
TikTok
Tour Eiffel
Sexe
Wikipédia
Mahomet
The Beatles
Chat
Titanic (film, 1997)
Communisme
Squeezie
Clermont-Ferrand
Soleil
Bretagne
Pandémie de Covid-19
Peugeot
Nauru
Hercule Poirot
Changement climatique
Sylvain Durif
Révolution française
Lézard Jésus-Christ
JetPunk
Pain
János Bolyai
 
Statistiques - réponses
Réponse % Correct
1 763 588 Lionel Messi
39%
2 126 010 Donald Trump
37%
583 079 Sexe
33%
1 460 460 Taylor Swift
30%
648 699 TikTok
28%
642 151 Tour Eiffel
26%
3 287 795 ChatGPT
25%
550 943 Wikipédia
25%
463 597 The Beatles
23%
429 442 Titanic (film, 1997)
22%
1 002 140 Paris Saint-Germain
18%
481 766 Mahomet
17%
687 208 Mia Khalifa
17%
468 213 Chat
16%
1 803 913 Napoléon Ier
15%
655 097 Italie
14%
1 027 664 Victor Hugo
10%
890 300 Signe du Zodiaque
6%
1 378 458 Jean-Luc Mélenchon
4%
740 244 N'oubliez pas les paroles !
2%
Aucun quiz correspondant
Distribution des résultats
% des personnes avec chaque résultat
Percentile par nombre de réponses
Votre historique - résultats
Vous n’avez pas pris ce quiz